| 000 | 00807cam a2200253 a 4500 | ||
|---|---|---|---|
| 999 |
_c329172 _d329172 |
||
| 001 | 4289232 | ||
| 003 | Nust | ||
| 005 | 20170425160713.0 | ||
| 008 | 870923s1985 enkaf b 001 0 eng | ||
| 010 | _a 85225133 | ||
| 020 |
_a0224023217 : _c£15.00 |
||
| 040 |
_aDLC _cDLC _dDLC |
||
| 043 | _aa-ii--- | ||
| 050 | 0 | 0 |
_aUA843.I6 _bC54 1985 |
| 082 | 0 | 0 |
_a954.912035 _219 _bTRE |
| 100 | 2 |
_aChenevix Trench, Charles, _d1914- |
|
| 245 | 1 | 4 |
_aThe frontier scouts / _cCharles Chenevix Trench. |
| 260 |
_aLondon : _bJ. Cape, _c1985. |
||
| 300 |
_axxii, 298 p., [16] p. of plates : _bill. ; _c24 cm. |
||
| 500 | _aIncludes index. | ||
| 504 | _aBibliography: p. 293. | ||
| 610 | 1 | 0 |
_aIndia. _bFrontier Corps _xHistory. |
| 906 |
_a7 _bcbc _corignew _d3 _encip _f19 _gy-gencatlg |
||
| 942 |
_2ddc _cBK |
||